Queen Nefertari : (Record no. 26724)
[ view plain ]
| 000 -LEADER | |
|---|---|
| fixed length control field | 01240nam a2200325 i 4500 |
| 003 - CONTROL NUMBER IDENTIFIER | |
| control field | EG-ScBUE |
| 005 - DATE AND TIME OF LATEST TRANSACTION | |
| control field | 20240328100639.0 |
| 008 - FIXED-LENGTH DATA ELEMENTS--GENERAL INFORMATION | |
| fixed length control field | 180515s2001 ua a f b 000 0beng d |
| 040 ## - CATALOGING SOURCE | |
| Original cataloging agency | EG-ScBUE |
| Language of cataloging | eng |
| Description conventions | rda |
| Transcribing agency | EG-ScBUE |
| Modifying agency | EG-ScBUE |
| 043 ## - GEOGRAPHIC AREA CODE | |
| Geographic area code | f-ua--- |
| 082 04 - DEWEY DECIMAL CLASSIFICATION NUMBER | |
| Classification number | 932 |
| Item number | TAH |
| Edition number | 22 |
| 100 1# - MAIN ENTRY--PERSONAL NAME | |
| Personal name | Taha, Mahmoud Maher, |
| Relator term | author. |
| 245 10 - TITLE STATEMENT | |
| Title | Queen Nefertari : |
| Remainder of title | the most beautiful of them / |
| Statement of responsibility, etc | Mahmoud Maher Taha. |
| 246 34 - VARYING FORM OF TITLE | |
| Title proper/short title | Nefertari |
| 264 #1 - PUBLICATION, DISTRIBUTION, ETC. (IMPRINT) | |
| Place of publication, distribution, etc | Cairo : |
| Name of publisher, distributor, etc | Ministry of Culture, Foreign Cultural Relations, Foreign Informaion Department, |
| Date of publication, distribution, etc | [2001] |
| 300 ## - PHYSICAL DESCRIPTION | |
| Extent | 135 pages : |
| Other physical details | illustrations ; |
| Dimensions | 28 cm. |
| 336 ## - CONTENT TYPE | |
| Source | rdacontent |
| Content type term | text |
| Content type code | txt |
| 337 ## - MEDIA TYPE | |
| Media type term | unmediated |
| Source | rdamedia |
| Media type code | n |
| 338 ## - CARRIER TYPE | |
| Carrier type term | volume |
| Carrier type code | nc |
| Source | rdacarrier |
| 490 0# - SERIES STATEMENT | |
| Series statement | Prism archaeological series ; |
| Volume number/sequential designation | 7 |
| 504 ## - BIBLIOGRAPHY, ETC. NOTE | |
| Bibliography, etc | Includes bibliographical references. |
| 600 07 - SUBJECT ADDED ENTRY--PERSONAL NAME | |
| Personal name | Nefertari, |
| Titles and other words associated with a name | Queen, consort of Ramses II, King of Egypt. |
| Source of heading or term | BUEsh |
| 9 (RLIN) | 21862 |
| 600 07 - SUBJECT ADDED ENTRY--PERSONAL NAME | |
| Personal name | Nefertari, |
| Titles and other words associated with a name | Queen, consort of Ramses II, King of Egypt |
| General subdivision | Tomb. |
| Source of heading or term | BUEsh |
| 600 07 - SUBJECT ADDED ENTRY--PERSONAL NAME | |
| Personal name | Ramses |
| Numeration | II, |
| Titles and other words associated with a name | King of Egypt. |
| Source of heading or term | BUEsh |
| 651 #7 - SUBJECT ADDED ENTRY--GEOGRAPHIC NAME | |
| Geographic name | Valley of the Queens (Egypt) |
| General subdivision | Antiquities. |
| Source of heading or term | BUEsh |
| 653 ## - INDEX TERM--UNCONTROLLED | |
| Resource For college | Generalities |
| Arrived date list | May2018 |
| 655 ## - INDEX TERM--GENRE/FORM | |
| Form subdivision | Reading book |
| 942 ## - ADDED ENTRY ELEMENTS (KOHA) | |
| Source of classification or shelving scheme | Dewey Decimal Classification |
| Koha item type | Book - Borrowing |
| Withdrawn status | Lost status | Source of classification or shelving scheme | Damaged status | Not for loan | Collection code | Home library | Current library | Shelving location | Date acquired | Source of acquisition | Total Checkouts | Full call number | Barcode | Date last seen | Price effective from | Koha item type |
|---|---|---|---|---|---|---|---|---|---|---|---|---|---|---|---|---|
| Dewey Decimal Classification | Donation-Gift | Central Library | Central Library | Ground Floor | 15/05/2018 | Donation | 932 TAH | 000043411 | 15/07/2025 | 15/05/2018 | Book - Borrowing |